000
00310nam a2200121Ia 4500
008
220204s9999 xx 000 0 und d
082
_a
624:65
_b
WAK
100
_a
Wakhlu, O N
245
0
_a
Civil engineering management
260
_a
New Delhi
_b
Light and Life
_c
1978
650
_a
Civil engineering
942
_c
BK
999
_c
32014
_d
32014